| 000 | 01246nam a2200361Ia 4500 | ||
|---|---|---|---|
| 001 | dia_6291 | ||
| 003 | CHAP | ||
| 005 | 20251027145413.0 | ||
| 008 | 220117s2001 xx 000 0 und d | ||
| 010 | _a177691 | ||
| 020 | _a970-613-561-8 | ||
| 040 | _cCHAP | ||
| 082 | _a363 B54 2001 | ||
| 245 |
_aBienes públicos mundiales : la cooperación internacional en el siglo XXI / _c Inge Kaul, Isabelle Grunberg y Marc A. Stern ; traducción Daniel Rey Díaz |
||
| 260 |
_aMéxico : _b Oxford University Press, _c2001 |
||
| 300 | _axli, 570 p. | ||
| 500 | _aTítulo original: Global public goods: international cooperation in the 21st century | ||
| 503 | _aC/e | ||
| 504 | _aIncluye bibliografías | ||
| 590 | _aHB846.5 B54 2001 | ||
| 650 |
_aBienes públicos _9161904 |
||
| 650 | 7 |
_aCooperación internacional _927771 |
|
| 650 |
_aInternational cooperation _9161905 |
||
| 650 |
_aPublic goods _9161906 |
||
| 700 |
_aGrunberg, Isabelle, ed. _9161907 |
||
| 700 |
_aKaul, Inge, ed. _9161908 |
||
| 700 |
_aRey Díaz, Daniel, tr. _9161824 |
||
| 700 |
_aStern, Marc A., ed. _9161909 |
||
| 901 | _a363 B54 2001 | ||
| 902 | _aA | ||
| 905 | _a5232272001 mx bmn 8222223322spa16 | ||
| 942 |
_cLIBRO _2ddc |
||
| 999 |
_c177691 _d177691 |
||